LEADER 00905nam0-22003011--450- 001 990008799640403321 005 20090205094959.0 035 $a000879964 035 $aFED01000879964 035 $a(Aleph)000879964FED01 035 $a000879964 100 $a20090205d1973----km-y0itay50------ba 101 0 $aita 102 $aIT 105 $ay-------001yy 200 1 $aPer la storia dello stato della Chiesa$ea proposito di uno studio di A. Erler sull'opera legislativa del Cardinale d'Albornoz$aletture$fRoberto Celli 210 $aModena$cS.T.E.M.-Mucchi$d1973 215 $a8 p.$d23 cm 676 $a262.9 700 1$aCelli,$bRoberto$0212747 801 0$aIT$bUNINA$gRICA$2UNIMARC 901 $aBK 912 $a990008799640403321 952 $aSDI-Busta Q 34$bs.i.$fSDI 959 $aSDI 996 $aLetture$9808772 996 $aPer la storia dello stato della Chiesa$9808771 997 $aUNINA LEADER 01733nam--2200445---450- 001 990002812540203316 005 20150610154402.0 035 $a000281254 035 $aUSA01000281254 035 $a(ALEPH)000281254USA01 035 $a000281254 100 $a20060913d1988----km-y0itay50------ba 101 $aita 102 $aIT 105 $a||||||||001yy 200 1 $a9. Convegno nazionale sulla preistoria, protostoria, storia della Daunia$eSan Severo, 18-19-20 dicembre 1987$eatti$fa cura di Benito Mundi, Armando Gravina 210 $a[San Severo]$cpubblicazione della Civica amministrazione$dstampa 1988 215 $a245 p.$cill.$d24 cm. 300 $aA cura di : Biblioteca Comunale "A. Minuziano", San Severo - Archeoclub d'Italia, Sez. di San Severo 300 $aEd. fuori commercio 410 0$12001 454 1$12001 461 1$1001-------$12001 517 1 $aNono Convegno nazionale sulla preistoria, protostoria, storia della Daunia 517 1 $a9. Convegno sulla preistoria, protostoria, storia della Daunia 517 1 $aNono Convegno sulla preistoria, protostoria, storia della Daunia 606 0 $aDaunia$zPreistoria$jConvegni 676 $a945.757 702 1$aMUNDI,$bBenito 702 1$aGRAVINA,$bArmando 710 12$aConvegno nazionale sulla preistoria, protostoria, storia della Daunia <9. ; 1987 ; San Severo>$0459403 801 0$aIT$bsalbc$gISBD 912 $a990002812540203316 951 $aXVII.B. 689$bDLM$cXVII.B.$d380803 959 $aBK 969 $aDILAM 979 $aDILAM$b90$c20060913$lUSA01$h1307 979 $aRIVELLI$b90$c20150610$lUSA01$h1544 996 $a9. Convegno nazionale sulla preistoria, protostoria, storia della Daunia$9994909 997 $aUNISA